[Event "Oberliga Bayern 0405"]
[Site "Bayern"]
[Date "2004.10.24"]
[Round "1.6"]
[White "Wood, Christopher Baruch"]
[Black "Trassl, Franz"]
[Result "1-0"]
[WhiteElo "2200"]
[BlackElo "2152"]
[PlyCount "79"]
[EventDate "2004.10.24"]
[EventType "team-tourn"]
[EventRounds "9"]
[EventCountry "GER"]
[SourceTitle "EXT 2020"]
[Source "ChessBase"]
[SourceDate "2019.10.17"]
[SourceVersion "1"]
[SourceVersionDate "2019.10.17"]
[SourceQuality "1"]
[WhiteTeam "Muenchen Tarrasch"]
[BlackTeam "Krumbach"]
[WhiteTeamCountry "GER"]
[BlackTeamCountry "GER"]

1. e4 g6 2. d4 Bg7 3. Nc3 d6 4. Be3 c6 5. Qd2 b5 6. Bd3 Nd7 7. Nf3 Nb6 8. b3 Bb7 9. 0-0 Nf6 10. Bh6 0-0 11. Bxg7 Kxg7 12. Rfe1 Nfd7 13. e5 dxe5 14. dxe5 Nc5 15. Qe3 Nxd3 16. cxd3 Nd5 17. Nxd5 Qxd5 18. Rac1 Rfd8 19. d4 h6 20. Rc5 Qe6 21. Rec1 Rd7 22. h3 Rad8 23. Qc3 Rd5 24. Qa5 Rxc5 25. Rxc5 Qd7 26. d5 Rc8 27. Qc3 Kh7 28. e6 fxe6 29. Ne5 Qd6 30. dxc6 Qd1+ 31. Kh2 Ba8 32. Qg3 Qb1 33. Qe3 a6 34. Ng4 Rxc6 35. Qxh6+ Kg8 36. Rg5 e5 37. Nxe5 Qe4 38. Nxg6 Kf7 39. Qf8+ Ke6 40. Re5+ 1-0